| 000 | 00915nac a22002771i 4500 | ||
|---|---|---|---|
| 003 | EG-ScBUE | ||
| 005 | 20250525085800.0 | ||
| 008 | 250423s1960 nyua f 001 0 eng d | ||
| 040 |
_aEG-ScBUE _beng _erda _cEG-ScBUE _dEG-ScBUE |
||
| 082 | 0 | 4 |
_a531.09 _bCOH _222 |
| 100 | 1 |
_aCohen, I. Bernard, _eauthor. |
|
| 245 | 1 | 4 |
_aThe birth of a new physics / _cI. Bernard Cohen. |
| 250 | _aFirst edition. | ||
| 264 | 1 |
_aGarden City, New York : _bAnchor Books, Doubleday & Company, Inc., _c1960. |
|
| 300 |
_a200 pages : _billustrations ; _c19 cm. |
||
| 336 |
_2rdacontent _atext _btxt |
||
| 337 |
_aunmediated _2rdamedia _bn |
||
| 338 |
_avolume _bnc _2rdacarrier |
||
| 490 | 0 |
_aScience study series ; _v10 |
|
| 500 | _aIncludes index. | ||
| 650 | 7 |
_aMechanics _xHistory. _2BUEsh |
|
| 650 | 7 |
_aCelestial mechanics _xHistory. _2BUEsh |
|
| 655 | _vReading book | ||
| 942 |
_cBB _2ddc |
||
| 999 |
_c1832 _d1832 |
||